Предварительные результаты исследования процесса выщелачивания бакчарских руд; Международный научно-практический форум Минерально-сырьевая база Сибири: история становления и перспективы, посвященный 100-летию первого выпуска горных инженеров в Сибири и 90-летию Сибгеолкома; Т. 1: Полезные ископаемые

書目詳細資料
Parent link:Международный научно-практический форум Минерально-сырьевая база Сибири: история становления и перспективы, посвященный 100-летию первого выпуска горных инженеров в Сибири и 90-летию Сибгеолкома: материалы научно-практической конференции/ Томская область, Администрация ; Томский политехнический университет (ТПУ).— , 2008
Т. 1: Полезные ископаемые.— 2008.— С. 250-254
其他作者: Домаренко В. А. Виктор Алексеевич, Маслов С. Г. Станислав Григорьевич, Сколубович Ю. В., Крауиньш С. Д.
語言:俄语
出版: 2008
主題:
格式: Book Chapter
KOHA link:https://koha.lib.tpu.ru/cgi-bin/koha/opac-detail.pl?biblionumber=166573

MARC

LEADER 00000naa2a2200000 4500
001 166573
005 20231031162525.0
035 |a (RuTPU)RU\TPU\book\180686 
090 |a 166573 
100 |a 20091005d2008 k y0rusy50 ca 
101 0 |a rus 
102 |a RU 
200 1 |a Предварительные результаты исследования процесса выщелачивания бакчарских руд  |f В. А. Домаренко [и др.] 
320 |a Библиогр.: 6 назв. 
461 1 |0 (RuTPU)RU\TPU\book\173832  |t Международный научно-практический форум Минерально-сырьевая база Сибири: история становления и перспективы, посвященный 100-летию первого выпуска горных инженеров в Сибири и 90-летию Сибгеолкома  |o материалы научно-практической конференции  |f Томская область, Администрация ; Томский политехнический университет (ТПУ)  |d 2008 
463 0 |0 (RuTPU)RU\TPU\book\173621  |y 98298-383-7  |t Т. 1: Полезные ископаемые  |v С. 250-254  |d 2008  |p 623 с. 
610 1 |a выщелачивание 
610 1 |a руды 
610 1 |a месторождения 
610 1 |a Бакчарское месторождение 
610 1 |a соляная кислота 
610 1 |a труды учёных ТПУ 
701 1 |a Домаренко  |b В. А.  |c российский геохимик  |c доцент Томского политехнического университета  |g Виктор Алексеевич  |2 stltpush  |3 (RuTPU)RU\TPU\pers\26058 
701 1 |a Маслов  |b С. Г.  |c российский учёный в области химической технологии топлива  |c доцент Томского политехнического университета  |g Станислав Григорьевич  |2 stltpush  |3 (RuTPU)RU\TPU\pers\26203 
701 1 |a Сколубович  |b Ю. В. 
701 1 |a Крауиньш  |b С. Д. 
801 1 |a RU  |b 63413507  |c 20091005 
801 2 |a RU  |b 63413507  |c 20160620  |g RCR 
942 |c BK